| 000 -ლიდერი |
| ფიქსირებული სიგრძის საკონტროლო ველი |
00988nam a2200181 4500 |
| 003 - საკონტროლო ნომრის იდენტიფიკატორი |
| საკონტროლო ველი |
Ge_BSU |
| 005 - ბოლო ოპერაციის თარიღი და დრო |
| საკონტროლო ველი |
20260120164706.0 |
| 008 - ფიქსირებული სიგრძის მონაცემთა ელემენტები - ზოგადი ინფორმაცია |
| ფიქსირებული სიგრძის საკონტროლო ველი |
260120s1967 ge ||||| |||| 00| 0 geo d |
| 041 ## - ენის კოდი |
| Language code of text/sound track or separate title |
geo |
| 080 ## - უნივერსალური ათობითი კლასიფიკაციის ინდექსი |
| Universal Decimal Classification number |
908(47+57)+330.59(47+57) ო-47 |
| 100 ## - მთავარი ჩანაწერი - პიროვნების სახელი |
| Personal name |
ონიანი, ვასილ |
| 9 (RLIN) |
26701 |
| 245 ## - ცნობა სათაურის შესახებ |
| Title |
ხალხის ცხოვრების მატერიალური და კულტურული დონის ამაღლება ახალ ხუთწლედში : |
| Remainder of title |
1966-1970 წ.წ. / |
| Statement of responsibility, etc |
ვასილ ონიანი. |
| 264 ## - წარმოების, გამოცემის, დისტრიბუციის და სხვა ცნობები |
| გამოცემის, წარმოების, დისტრიბუციის... ადგილი |
თბილისი : |
| გამოცემის, წარმოების, დისტრიბუციის... სახელწოდება |
საბჭ. საქართველო, |
| გამოცემის, წარმოების, დისტრიბუციის... თარიღი |
1967. |
| 300 ## - ფიზიკური აღწერა |
| Extent |
59 გვ. ; |
| Other physical details |
20 სმ. |
| 653 ## - INDEX TERM--UNCONTROLLED |
| Uncontrolled term |
კომუნისტური მშენებლობა სსრ კავშირში |
| 653 ## - INDEX TERM--UNCONTROLLED |
| Uncontrolled term |
ხალხის ცხოვრების მატერიალური დონის ამაღლება |
| 942 ## - ADDED ENTRY ELEMENTS (KOHA) |
| Source of classification or shelving scheme |
|
| Koha item type |
წიგნი |